[Event "HCL-C4156"]
[Site "www.playchess.de"]
[Date "2006.03.25"]
[Round "1"]
[White "Idris"]
[Black "Maneco"]
[WhiteElo "840"]
[BlackElo "1099"]
[PlyCount "70"]
[Result "1/2-1/2"]

1.e4 e5 {Hello!}  2.Nf3 {Hello}  Nf6 3.Bd3 d6 4.b3 
Bg4 5.O-O Nc6 6.Be2 Nxe4 7.Bb2 g6 8.Nc3 Bxf3 
9.Bxf3 Nxc3 10.Bxc3 Be7 11.Bxc6+ bxc6 12.Qf3 O-O 
13.g3 c5 14.d3 Bf6 15.Rae1 Re8 16.Bd2 Bg5 17.Bxg5 
Qxg5 18.Rea1 Re6 19.Rae1 Rf6 20.Qxa8+ Kg7 21.Qxa7 
Qd2 22.Rec1 Rxf2 23.Rxf2 Qxc1+ 24.Rf1 Qxc2 25.Qxc7 
Qxd3 26.Qxf7+ Kh6 27.Qf8+ Kh5 28.Qg7 Qd4+ 29.Rf2 
Qd1+ 30.Kg2 Qd5+ 31.Kh3 Qe6+ 32.Kg2 Qd5+ 33.Kf1 
Qd1+ 34.Kg2 Qd5+ 35.Rf3 Qd2+ {(offering draw)} 
 1/2-1/2

[Event "HCL-E1502"]
[Site "www.playchess.de"]
[Date "2006.03.25"]
[Round "4"]
[White "Glomp"]
[Black "Vince"]
[WhiteElo "1660"]
[BlackElo "1737"]
[PlyCount "91"]
[Result "1-0"]

1.e4 {Hello again!}  e5 {Viel Glück 
diesmahl,Vincent}  2.Bc4 {Schon 3x verloren - das 
muss sich ändern!}  d6 3.Nf3 Nc6 {3 maal 
scheepsrecht...   Holländische ausdrükkung..}  
4.d4 {scheepsrecht? verstand ik nit}  Bg4 {Das 
heisst:ALLE GUTEN DINGE SIND DREI (Das sagt die 
Schiffsmmannschaft)}  5.c3 Qd7 6.Be3 f5 7.exf5 d5 
8.Be2 exd4 9.Nxd4 Bxf5 10.Nxf5 Qxf5 11.O-O Nf6 
12.Re1 Ne4 13.Bg4 Qe5 14.f3 Nxc3 15.Nxc3 Be7 {Was 
mach ich??}  16.Qxd5 {Ein kleines Geschenk...}  
Kf8 {Wieso kleines Geschenk?}  17.Qxe5 {Zähl mal 
die Klötze auf dem Brett!}  Nxe5 18.Bf5 Nc4 19.Bc1 
g6 20.Be6 Bc5+ 21.Kh1 Nb6 22.Bh6+ Ke7 23.Rad1 Bd6 
24.Bg7 Rhb8 25.Bg8+ Kd8 {Sein oder nicht sein?}  
26.Bf6+ {Matt oder nicht matt?}  Kc8 {Noch 
nicht...}  27.Bxh7 {Na gut, dann sammle ich eben 
Römerhelme...}  Kd7 28.Bxg6 Rbf8 {Wer das Kleine 
nicht erhrt,ist das Grosse nicht 
wert..
sagt man in Holland...}  29.Be7 {Wir Deutschen 
hatten dieses Sprichwort mit Pfennig und Taler.}  
Rfg8 30.Bf5+ Kc6 31.Bxd6 cxd6 32.Be4+ Kd7 33.Bxb7 
{Da liegt auch noch ein Römerhelm!}  Rab8 {Habe 
ich schon verloren dann???}  34.Be4 {Nicht solange 
ich nicht die Lorbeerblätter von deinem Caesar 
habe!}  Rg5 35.b3 Ra5 36.g4 Rc8 37.Rd3 Rh8 38.a4 
a6 39.Kg2 Re5 40.Bf5+ Kc7 41.Rxe5 dxe5 42.a5 Na8 
43.Kg3 Kb7 44.h4 Nc7 45.g5 Rf8 
46.Kg4 1-0

[Event "HCL-C4214"]
[Site "www.playchess.de"]
[Date "2006.03.25"]
[Round "8"]
[White "wlk"]
[Black "Tomcat"]
[WhiteElo "800"]
[BlackElo "1025"]
[PlyCount "114"]
[Result "0-1"]

1.e4 {Hello Tomcat}  e5 {Hi wlk. Good luck!}  
2.Nf3 f6 3.Bc4 {Are you a strong player?}  Ne7 {No 
but no beginner either.How about you?}  4.O-O {I 
played chess a long time ago so...}  c6 {I am sure 
we will both enjoy the game.}  5.Nc3 b5 6.Bb3 a5 
7.a4 Ba6 8.d3 d6 9.Bd2 Bc8 10.h3 b4 11.Ne2 Na6 
12.c3 c5 13.Rb1 h6 14.cxb4 axb4 15.Bc4 Nc7 16.Ba2 
Qd7 17.b3 Ng6 18.Rc1 Ra5 19.Ng3 Ne6 20.Nf5 Ba6 
21.Be1 Ngf4 22.Kh2 Bxd3 23.Rh1 Bxe4 24.Ng3 Bg6 
25.Bb1 Bxb1 26.Rxb1 d5 27.Ne2 Qd6 28.Nxf4 Nxf4 
29.g3 Nh5 30.Nh4 e4 31.Ng6 Rh7 32.Nxf8 Kxf8 33.Rf1 
g6 34.f3 Qe5 35.f4 Qe6 36.Qd2 d4 37.Rc1 Qxb3 
38.Ra1 Rxa4 39.Rxa4 Qxa4 40.Qc1 Qb5 41.Bf2 Rd7 
42.Kg1 c4 43.Rd1 e3 44.Be1 {Shall I give up?}  f5 
{What do you reckon?}  45.Qb2 c3 {Thats a no 
then?}  46.Qb3 {My position is almost hopeless...} 
 Nf6 {Its not over yet! Your English is very 
good.Have you spent some time here?}  47.Bxc3 {No. 
Unfortunately I have never been in England, USA, 
Australia, etc. (I spent some weeks in Spain, 
Germany...) I learned English in the University. 
Thank you for your kind words.}  dxc3 {You have 
travelled well, I have not had the fortune to 
visit all the countries you have mentioned, nor 
Hungary. Are you happy with life there?}  48.Rxd7 
{I am satisfied with my life.}  Nxd7 {Not 
satisfied with this game though.}  49.g4 {You're 
right...}  fxg4 50.hxg4 Nc5 51.Qd5 c2 52.Qd6+ Ke8 
53.Qxg6+ Kd8 54.Qxc2 Qb6 55.Kf1 Qb5+ 56.Ke1 b3 
57.Qb2 Nd3+ {I see what you was trying to do but a 
bit of a mistake I think?}  0-1

[Event "HCL-A2655"]
[Site "www.playchess.de"]
[Date "2006.03.25"]
[Round "4"]
[White "pawnstorm"]
[Black "nico21"]
[WhiteElo "1525"]
[BlackElo "1532"]
[PlyCount "60"]
[Result "0-1"]

1.d4 Nf6 2.Nc3 e6 3.Bg5 Nc6 4.e4 e5 5.Nf3 exd4 
6.Nxd4 d6 7.Be2 Be7 8.O-O Nxe4 9.Bxe7 Qxe7 10.Nxc6 
bxc6 11.Nxe4 Qxe4 12.Bd3 Qf4 13.Re1+ Be6 14.Be4 d5 
15.g3 Qf6 16.Bg2 O-O 17.b3 Rab8 18.Rb1 g6 19.Qd2 
Rfd8 20.Rbd1 Bg4 21.Rdc1 Rba8 22.Qa5 Qd6 23.c4 
Rab8 24.cxd5 cxd5 25.Rxc7 a6 26.Ree7 Be6 27.Qc3 
Rbc8 28.Qa5 d4 29.Rxc8 Rxc8 30.Ra7 
Rc1+ 0-1

[Event "HCL-A2586"]
[Site "www.playchess.de"]
[Date "2006.03.25"]
[Round "3"]
[White "Felipe_Lungov"]
[Black "Crusaders"]
[WhiteElo "1274"]
[BlackElo "1781"]
[PlyCount "92"]
[Result "0-1"]

1.d4 d5 2.c4 c6 3.Nf3 Nf6 4.e3 Bg4 5.h3 Bh5 6.c5 
Nbd7 7.Be2 e6 8.O-O b6 9.b4 a5 10.Bd2 axb4 11.Bxb4 
bxc5 12.dxc5 Bxc5 13.Bxc5 Nxc5 14.Ne5 Bxe2 15.Qxe2 
Nb3 16.Nc3 Nxa1 17.Rxa1 Qd6 18.Nd3 O-O 19.Rb1 Rfb8 
20.g4 Rxb1+ 21.Nxb1 d4 22.exd4 Qxd4 23.Kg2 Qd5+ 
24.Kg1 Rxa2 25.Qd1 c5 26.Nc3 Qa8 27.Nxa2 Qxa2 
28.Nxc5 Qd5 29.Qxd5 {although you are still 
better, you once had the game in your hands...}  
Nxd5 30.Nd3 f6 31.Kg2 Kf7 32.Kg3 e5 33.f3 g6 34.f4 
exf4+ 35.Nxf4 Nxf4 36.Kxf4 Ke6 37.h4 Kd5 38.g5 f5 
39.h5 Kd4 40.hxg6 hxg6 41.Kf3 Ke5 42.Ke3 f4+ 
43.Kf3 Kf5 44.Kg2 Kxg5 45.Kf2 Kg4 46.Kg2 
f3+ 0-1

[Event "HCL-B3895"]
[Site "www.playchess.de"]
[Date "2006.03.25"]
[Round "10"]
[White "willi_weizenkeim"]
[Black "DavidFields"]
[WhiteElo "1012"]
[BlackElo "1198"]
[PlyCount "116"]
[Result "0-1"]

1.e4 c5 {hello from Texas, USA}  2.Nf3 {hi, here's 
cologne, germany. i've a chessfriend "near" 2 u in 
tn :-)}  Nc6 3.Bb5 d5 4.Nc3 d4 5.Nd5 e6 6.Ne5 exd5 
7.Nxc6 bxc6 8.Ba4 Qb6 9.e5 {did u ever play with 
"cyto" ?}  Ba6 10.d3 c4 {no, never did. why?}  
11.O-O {he'S the man from tn who i know.}  Bc5 
{ah,i see.}  12.Qg4 g6 13.e6 Nf6 14.exf7+ Kxf7 
15.Bg5 cxd3 16.Bxf6 Kxf6 17.f4 {another man from 
texas.... near dallas joined,.. his name is 
zoneblitz !}  dxc2 {I live in a small town in 
central Texas about a 3 hour drive from Dallas.}  
18.Qg5+ {may i ask about the name ? perhaps i can 
find it via google earth.
watch www.odenthal.de,... that'S my town.}  Kf7 
{Lexington Texas :)}  19.f5 {theres a guest player 
here, he'S from texas as well,... zoneblitz}  d3+ 
20.Kh1 Be3 21.fxg6+ Ke6 22.Qf6+ Kd7 23.Qf7+ Kd6 
24.Qf6+ Kc5 25.Qc3+ Bc4 26.Bxc2 d4 27.Rf5+ Kd6 
28.Qxc4 dxc2 29.Rf6+ Kc7 30.Rf7+ Kd6 31.Rf6+ Kc7 
32.Qxc2 hxg6 33.Qxg6 Rag8 34.Rf7+ Kb8 35.Qd6+ Ka8 
36.b3 Rgd8 37.Qa3 d3 38.Rd1 d2 39.g3 Rhe8 40.Kg2 
Bc5 41.Qb2 Re1 42.Rxd2 Bd4 43.Qc2 Rg1+ 44.Kh3 Qb5 
45.Qh7 Qe5 46.Rxa7+ Bxa7 47.Rxd8+ Bb8 48.Qg6 Kb7 
49.Rd7+ Bc7 50.Rh7 Re1 51.Rh5 Qe3 52.Rh8 Qf2 
53.Qg4 Qd2 54.Qc8+ Kb6 55.a3 Rh1 56.Kg4 Qd1+ 
57.Kf5 Rf1+ 58.Ke6 Qd6+ 0-1

[Event "HCL-E1547"]
[Site "www.playchess.de"]
[Date "2006.03.25"]
[Round "7"]
[White "Eishockeytorwart"]
[Black "Ludger"]
[WhiteElo "1938"]
[BlackElo "1520"]
[PlyCount "45"]
[Result "1-0"]

1.e4 {willkommen aus Mönchengladbach}  d5 {*shake 
hands* :-) aus Bochum}  2.exd5 Qxd5 3.Nc3 Qa5 
4.Bc4 Nf6 5.d4 c6 6.Nge2 Bf5 7.O-O e6 8.Ng3 Bg6 
9.Qe2 Nbd7 10.Bd3 O-O-O 11.Nce4 Be7 12.c3 Qc7 
13.a4 Nxe4 14.Nxe4 Nf6 15.g3 Nxe4 16.Bxe4 Bf6 
17.Bf4 Qa5 18.b4 Qh5 19.Bf3 Qf5 20.b5 c5 21.b6 a6 
22.Rfd1 Qc2 23.Qc4 1-0

[Event "HCL-A2612"]
[Site "www.playchess.de"]
[Date "2006.03.25"]
[Round "15"]
[White "victorabiodun03"]
[Black "mrchess"]
[WhiteElo "1534"]
[BlackElo "1471"]
[PlyCount "90"]
[Result "0-1"]

1.e4 c5 2.Nf3 Nc6 3.d4 cxd4 4.Nxd4 d6 5.Nc3 Nf6 
6.Be2 g6 7.Be3 Bg7 8.O-O O-O 9.Nb3 a6 10.g4 Ne5 
11.f3 b5 12.g5 Nfd7 13.Nd5 Bb7 14.c3 Rc8 15.Bd4 
Bxd5 16.exd5 Nc4 17.Rb1 e5 18.dxe6 fxe6 19.Bxc4 
bxc4 20.Bxg7 Kxg7 21.Nd2 Qxg5+ 22.Kh1 Qf4 23.Ne4 
d5 24.Ng3 Nc5 25.Ne2 Qe3 26.Nd4 Nd3 27.Qe2 Qxe2 
28.Nxe2 e5 29.Kg2 Rcb8 30.b4 g5 31.a4 Nf4+ 32.Nxf4 
gxf4 33.Rfe1 Kf6 34.Rbd1 Ke6 35.Re2 Rf5 36.Red2 
Rd8 37.b5 axb5 38.axb5 Rg5+ 39.Kf2 Rdg8 40.Re2 
R5g2+ 41.Ke1 Rxe2+ 42.Kxe2 Rg2+ 43.Ke1 Rg1+ 44.Kd2 
Rxd1+ 45.Kxd1 Kd6 0-1

[Event "HCL-C4214"]
[Site "www.playchess.de"]
[Date "2006.03.25"]
[Round "10"]
[White "Erbse"]
[Black "Tomcat"]
[WhiteElo "800"]
[BlackElo "1025"]
[PlyCount "73"]
[Result "1-0"]

1.e4 {hi}  e5 {Hello.}  2.Nf3 {Hi, how are u}  f6 
3.Bc4 Ne7 4.O-O c6 5.d4 Ng6 6.c3 d6 7.d5 Bg4 8.Qd3 
Nf4 9.Bxf4 exf4 10.h3 Bd7 11.Qd2 g5 12.Qd4 Bg7 
13.Nxg5 c5 14.Qd1 fxg5 15.Qh5+ Kf8 16.g3 Qc8 
17.Qxg5 fxg3 18.Qxg7+ Ke8 19.Qxh8+ Ke7 20.Qxh7+ 
Kd8 21.fxg3 Kc7 22.Rf7 Kb6 23.Qh6 Kc7 24.Rf8 Be8 
25.Bb5 Nd7 26.Qg7 a6 27.Bxd7 Qxd7 28.Qh6 Rd8 
29.Nd2 Qb5 30.Rb1 Qd3 31.Qg7+ Rd7 32.Qg5 Rd8 
33.Rbf1 Rc8 34.Qe7+ Bd7 35.Rxc8+ Kxc8 36.Rf8+ Kc7 
37.Qd8+ 1-0

[Event "HCL-A2665"]
[Site "www.playchess.de"]
[Date "2006.03.25"]
[Round "20"]
[White "Josef"]
[Black "PhilipKaveny"]
[WhiteElo "1606"]
[BlackElo "1354"]
[PlyCount "57"]
[Result "1-0"]

1.d4 g6 2.c4 d6 3.Nc3 Bg7 4.e4 Nf6 5.f3 O-O 6.Bd3 
e5 7.d5 Nh5 8.Nge2 Nf4 9.Nxf4 exf4 10.Bxf4 Nd7 
11.O-O Ne5 12.Be2 f5 13.Qd2 fxe4 14.Nxe4 c6 
15.dxc6 Qb6+ 16.Kh1 Nxc6 17.Nxd6 Be6 18.Nb5 Rad8 
19.Qc1 Nd4 20.Nxd4 Bxd4 21.Rb1 Bf5 22.Bh6 Bxb1 
23.Bxf8 Bxa2 24.Ba3 Qf6 25.Qc2 b5 26.b3 b4 27.Bc1 
Be5 28.Qxa2 Qh4 29.f4 1-0

[Event "HCL-A2671"]
[Site "www.playchess.de"]
[Date "2006.03.25"]
[Round "11"]
[White "shadow_cup"]
[Black "victorabiodun03"]
[WhiteElo "1499"]
[BlackElo "1621"]
[PlyCount "46"]
[Result "0-1"]

1.e3 {hello - have a good game :)}  e6 {hi}  2.f4 
d5 3.Nf3 Nf6 4.c4 c6 5.a3 Be7 6.Nc3 O-O 7.d4 b6 
8.b4 c5 9.bxc5 bxc5 10.cxd5 Nxd5 11.Ne4 cxd4 
12.Qxd4 Nc6 13.Qd1 Qb6 14.Be2 Nxe3 15.Bxe3 Qxe3 
16.Qd3 Qxf4 17.O-O Rd8 18.Qc4 Bd7 19.g3 Qe3+ 
20.Kg2 Rac8 21.Ned2 Nb8 22.Qd3 Qxd3 23.Bxd3 
Bc6 0-1

[Event "HCL-T265"]
[Site "www.playchess.de"]
[Date "2006.03.25"]
[Round "1"]
[White "pirracas"]
[Black "a_der_s"]
[WhiteElo "1471"]
[BlackElo "2019"]
[PlyCount "34"]
[Result "0-1"]

1.e4 e5 2.Nf3 Nc6 3.Bb5 a6 4.Bxc6 dxc6 5.Nc3 f6 
{hello, nice to meet you!}  6.Nh4 {have a nice 
game, gl}  Be6 7.O-O Qd7 8.f4 exf4 9.Rxf4 g5 
10.Rf3 gxh4 11.d3 Bg4 12.Na4 Qd4+ 13.Be3 Qxa4 
14.b3 Qb4 15.a3 Qd6 16.e5 Qxe5 17.Bf4 
Bxf3 0-1

[Event "HCL-C4117"]
[Site "www.playchess.de"]
[Date "2006.03.25"]
[Round "10"]
[White "Xare"]
[Black "pedro3000"]
[WhiteElo "800"]
[BlackElo "800"]
[PlyCount "48"]
[Result "0-1"]

1.Nf3 d6 2.g3 Nc6 3.Bg2 e5 4.d3 Nf6 5.O-O d5 6.c3 
e4 7.Nd4 Bc5 8.Nxc6 bxc6 9.d4 Bb6 10.Bg5 Rb8 11.b4 
Ba6 12.Qc2 c5 13.bxc5 Ba5 14.Nd2 Qd7 15.Rfb1 O-O 
16.Rxb8 Rxb8 17.Rb1 Rxb1+ 18.Qxb1 Bxe2 19.Bxf6 
gxf6 20.Qb8+ Kg7 21.Qxa7 Bxc3 22.Nf1 Bxd4 23.a4 
Qf5 24.Ne3 Qg5 0-1

[Event "HCL-A2665"]
[Site "www.playchess.de"]
[Date "2006.03.25"]
[Round "14"]
[White "shadow_cup"]
[Black "victorabiodun03"]
[WhiteElo "1523"]
[BlackElo "1638"]
[PlyCount "86"]
[Result "0-1"]

1.e3 {Hello - Have a good game :)}  e6 {you too}  
2.Nf3 d5 3.c4 Nf6 4.a3 b6 5.b4 Bb7 6.Bb2 Be7 7.d4 
O-O 8.Nc3 c5 9.bxc5 bxc5 10.dxc5 Bxc5 11.cxd5 Nxd5 
12.Bc4 Nxc3 13.Qxd8 Rxd8 14.Bxc3 Nd7 15.O-O Bxf3 
16.gxf3 Rac8 17.Ba5 Bb6 18.Bxb6 Nxb6 19.Ba6 Rc2 
20.Rfd1 Rdd2 21.Rxd2 Rxd2 22.Bb5 Kf8 23.a4 Rc2 
24.Ra3 Ke7 25.Kg2 Nd5 26.Rd3 Rc3 27.Rxc3 Nxc3 
28.Bc6 Kd6 29.Be8 f6 30.f4 Kc5 31.Kf3 Kb4 32.Bd7 
Nxa4 33.Bxe6 Nc5 34.Bg8 h6 35.e4 a5 36.e5 fxe5 
37.fxe5 Kb5 38.Kg4 Kc6 39.Kf5 Kd7 40.f4 Ke7 41.Bc4 
a4 42.Kg6 Kf8 43.f5 Nd7 0-1

[Event "HCL-C4165"]
[Site "www.playchess.de"]
[Date "2006.03.25"]
[Round "13"]
[White "JMD"]
[Black "Veltliner"]
[WhiteElo "1329"]
[BlackElo "1382"]
[PlyCount "90"]
[Result "0-1"]

1.d4 {greetings from PARIS}  e6 {hi, here is 
Manfred from Niederösterreich, 
www.Herrnbaumgarten}  2.e4 h6 3.Be3 Nf6 4.Bd3 Bb4+ 
5.c3 Ba5 6.b4 Bb6 7.a4 a6 8.a5 Ba7 9.c4 d5 10.cxd5 
exd5 11.e5 Ne4 12.Bxe4 dxe4 13.Ne2 Bg4 14.Nbc3 Nc6 
15.h3 Bxe2 16.Nxe2 Nxb4 17.O-O Nd5 18.Qc2 Nxe3 
19.fxe3 O-O 20.Qxe4 c5 21.Qxb7 cxd4 22.e6 fxe6 
23.Nf4 Qg5 24.Qd7 Qe5 25.exd4 Bxd4+ 26.Kh1 Bxa1 
27.Rxa1 Qxa1+ 28.Kh2 Rxf4 29.Qxe6+ Rf7 30.Qc6 Qe5+ 
31.Kg1 Raa7 32.Qc8+ Rf8 33.Qc4+ Kh8 34.Qb4 Raf7 
35.Qc4 R7f1+ 36.Qxf1 Rxf1+ 37.Kxf1 Qxa5 38.Kf2 Qe5 
39.g3 a5 40.g4 a4 41.h4 Qf4+ 42.Kg2 Qxg4+ 43.Kf2 
a3 44.Ke1 a2 45.Kd2 a1Q 0-1

[Event "HCL-A2605"]
[Site "www.playchess.de"]
[Date "2006.03.25"]
[Round "18"]
[White "Crusaders"]
[Black "RUDI"]
[WhiteElo "1554"]
[BlackElo "1256"]
[PlyCount "87"]
[Result "1-0"]

1.e4 e5 2.d4 exd4 3.c3 Nc6 4.cxd4 Bb4+ 5.Nc3 Bxc3+ 
6.bxc3 Nge7 7.Nf3 d5 8.e5 O-O 9.Be2 Ng6 10.O-O 
Nce7 11.Bg5 Be6 12.Rb1 b6 13.Bd3 Qd7 14.Bxe7 Qxe7 
15.Qc1 c5 16.Qg5 Qxg5 17.Nxg5 c4 18.Bxg6 hxg6 
19.Nxe6 fxe6 20.f4 Rfb8 21.a4 a5 22.Rb5 Ra7 
23.Rfb1 Rab7 24.Kf2 Kh7 25.g4 Kh6 26.h4 Kh7 27.Kg3 
Kh6 28.Rh1 Kh7 29.h5 gxh5 30.Rxh5+ Kg8 31.f5 exf5 
32.gxf5 Rd8 33.Kg4 Kf7 34.Kg5 Rbb8 35.e6+ Ke7 
36.Rh7 Rdg8 37.Rxd5 Rbd8 38.Rxd8 Rxd8 39.Rxg7+ Kd6 
40.Rd7+ Rxd7 41.exd7 Kxd7 42.Kg6 Ke7 43.Kg7 b5 
44.f6+ 1-0

[Event "HCL-A2637"]
[Site "www.playchess.de"]
[Date "2006.03.25"]
[Round "10"]
[White "Matu"]
[Black "Jule"]
[WhiteElo "1574"]
[BlackElo "1349"]
[PlyCount "55"]
[Result "1-0"]

1.e4 d5 2.exd5 Qxd5 3.Nc3 Qd7 4.Nf3 Nc6 5.Bb5 f6 
6.d4 a6 7.Bc4 b5 8.Bb3 Bb7 9.a3 e6 10.O-O Bd6 
11.Ne4 Nge7 12.Re1 Nd8 13.c4 O-O 14.c5 Bxe4 
15.Rxe4 f5 16.Re1 Bxc5 17.dxc5 Qxd1 18.Rxd1 h6 
19.Bf4 Ra7 20.Rd7 Ng6 21.Rxc7 Rxc7 22.Bxc7 Kf7 
23.Re1 Nf4 24.Bxf4 Re8 25.Nd4 Kf6 26.c6 g5 27.c7 
Nb7 28.Rxe6+ 1-0

[Event "HCL-B3948"]
[Site "www.playchess.de"]
[Date "2006.03.25"]
[Round "10"]
[White "longino"]
[Black "Mister_Bojangles"]
[WhiteElo "1177"]
[BlackElo "1162"]
[PlyCount "32"]
[Result "0-1"]

1.c4 e5 {Best of luck.}  2.e3 Bc5 3.d3 d6 4.Ne2 
Nc6 5.g3 Be6 6.Bg2 Qd7 7.O-O Nf6 8.Nbc3 O-O 9.Re1 
Ng4 10.d4 Bb4 11.a3 Bxc3 12.Nxc3 Bxc4 13.Bh3 Be6 
14.d5 Nxf2 15.Bxe6 fxe6 16.dxc6 
Qxc6 0-1

[Event "HCL-A2554"]
[Site "www.playchess.de"]
[Date "2006.03.25"]
[Round "17"]
[White "Jule"]
[Black "mrchess"]
[WhiteElo "1432"]
[BlackElo "1437"]
[PlyCount "152"]
[Result "0-1"]

1.Nf3 {Hallo again. Good luck}  c5 {you too}  2.c4 
d6 3.h3 Nc6 4.e3 Nf6 5.Be2 g6 6.O-O Bg7 7.Nc3 O-O 
8.a3 a6 9.d4 cxd4 10.exd4 Re8 11.Bf4 Bd7 12.d5 Na7 
13.Rb1 Rb8 14.Bd3 b5 15.Be3 Nc8 16.c5 dxc5 17.Bxc5 
Qc7 18.Be3 Nd6 19.Ne5 Qb7 20.Nxd7 Qxd7 21.Bc2 Nc4 
22.Bf4 Rb7 23.Bb3 Rc8 24.Re1 Nh5 25.Bh2 Bxc3 
26.bxc3 Rc5 27.Bxc4 bxc4 28.Rxb7 Qxb7 29.d6 e6 
30.Qa4 Rc6 31.Rd1 Nf6 32.Be5 Nd7 33.f4 Qb5 34.Qb4 
Kf8 35.Kf2 Ke8 36.Kg3 Rc5 37.Re1 Qxb4 38.axb4 Rd5 
39.Kh4 Rd3 40.Kg5 h5 41.Rc1 Rg3+ 42.Kh6 Rxg2 
43.Ra1 Nxe5 44.fxe5 Rc2 45.Rxa6 Rxc3 46.Kg7 Rxh3 
47.Ra8+ Kd7 48.b5 Rb3 49.Ra7+ Kd8 50.Kxf7 Rxb5 
51.Kxe6 Rb8 52.Rh7 Kc8 53.Rc7+ Kd8 54.Kf7 Rb5 
55.Ke6 Rb8 56.Rh7 Kc8 57.d7+ Kc7 58.Kd5 c3 59.Rf7 
c2 60.Rf1 Kxd7 61.Rc1 Rc8 62.e6+ Ke7 63.Ke5 h4 
64.Kf4 Kxe6 65.Kg4 Rc4+ 66.Kh3 g5 67.Kh2 Ke5 
68.Kg2 g4 69.Kf2 Kf4 70.Kg2 h3+ 71.Kh2 Kf3 72.Kg1 
g3 73.Kh1 Ke2 74.Kg1 Kd2 75.Rf1 c1Q 76.Rxc1 
Rxc1+ 0-1

[Event "HCL-B3650"]
[Site "www.playchess.de"]
[Date "2006.03.25"]
[Round "18"]
[White "JMD"]
[Black "Pineywoods"]
[WhiteElo "1360"]
[BlackElo "1226"]
[PlyCount "110"]
[Result "1/2-1/2"]

1.d4 {hello from Paris}  Nf6 {Hello from Texas, 
USA}  2.Bg5 e6 3.e4 Be7 4.Bd3 O-O 5.Nf3 d5 6.e5 
Nfd7 7.Qd2 Bxg5 8.Nxg5 g6 9.h4 h6 10.Nf3 Kg7 11.h5 
g5 12.Nxg5 Qxg5 13.Qxg5+ hxg5 14.h6+ Kh8 15.Rh5 
Nc6 16.Rxg5 Nb4 17.Nd2 Nxd3+ 18.cxd3 Rg8 19.f4 
Rxg5 20.fxg5 Nf8 21.O-O-O Nh7 22.Nf3 b6 23.Rd2 Bd7 
24.Rc2 Rc8 25.Kd2 c6 26.b3 Rg8 27.a4 Nxg5 28.Ke3 
Nxf3 29.Kxf3 Rg6 30.g3 Rxh6 31.Kg2 Kg7 32.Rf2 a5 
33.Rc2 Rh8 34.Rf2 b5 35.axb5 cxb5 36.Rc2 Rc8 
37.Ra2 a4 38.bxa4 bxa4 39.Kf3 Kg6 40.Ke3 f5 
41.exf6 Kxf6 42.Rf2+ Ke7 43.Ra2 Kd6 44.Rf2 Rg8 
45.Rg2 e5 46.dxe5+ Kxe5 47.d4+ Kd6 48.Kf4 Ra8 
49.g4 a3 50.Ra2 Bxg4 51.Kxg4 Ra4 52.Kf3 Rxd4 
53.Rxa3 Ke5 54.Re3+ Kd6 55.Ke2 Re4 {(offering 
draw)}  1/2-1/2

[Event "HCL-E1559"]
[Site "www.playchess.de"]
[Date "2006.03.25"]
[Round "10"]
[White "hal1958"]
[Black "chessy371"]
[WhiteElo "1444"]
[BlackElo "2203"]
[PlyCount "111"]
[Result "1/2-1/2"]

1.b4 {have a nice game}  e5 {and you}  2.Bb2 f6 
3.b5 c6 4.a4 d5 5.e3 Bd7 6.c4 Nh6 7.Nf3 Bd6 8.cxd5 
cxd5 9.Be2 O-O 10.O-O Be6 11.h3 Nd7 12.Nc3 Nc5 
13.d4 exd4 14.Nxd4 Bf7 15.Bf3 Be5 16.Nde2 Ne4 
17.Bxe4 dxe4 18.Qc2 Qd3 19.Qxd3 exd3 20.Nd4 Rad8 
21.Ne4 Rfe8 22.Rfd1 Bg6 23.Nc5 Nf5 24.Nxf5 Bxb2 
25.Ra2 Bxf5 26.Rxb2 b6 27.Nb3 Re4 28.Nd4 Bg6 
29.Rxd3 Rc8 30.Rd1 Rc4 31.Ra2 Bf7 32.Raa1 Re8 
33.Nf5 Rc7 34.Nd6 Rd8 35.Nxf7 Rxd1+ 36.Rxd1 Kxf7 
37.Kf1 Ke6 38.Ke2 Ke5 39.f4+ Ke6 40.g4 Rc2+ 41.Rd2 
Rc4 42.Rd4 Rc2+ 43.Kf3 Rh2 44.Kg3 Ra2 45.h4 Ra1 
46.f5+ Ke5 47.Rc4 Ra3 48.Kf3 Kd5 49.Rd4+ Ke5 
50.Re4+ Kd5 51.Kf4 Kc5 52.g5 Ra1 53.gxf6 gxf6 
54.Rd4 h5 55.Kg3 Ra2 56.Kf3 {(offering draw)} 
 1/2-1/2

[Event "HCL-A2671"]
[Site "www.playchess.de"]
[Date "2006.03.25"]
[Round "12"]
[White "victorabiodun03"]
[Black "shadow_cup"]
[WhiteElo "1621"]
[BlackElo "1499"]
[PlyCount "57"]
[Result "1-0"]

1.f4 e6 {Have a good game}  2.Nf3 {cheers}  b6 
3.e3 Bb7 4.d4 c5 5.c3 d5 6.Bd3 Nf6 7.Nbd2 Be7 
8.O-O O-O 9.Ne5 Ba6 10.Bxa6 Nxa6 11.Qf3 cxd4 
12.exd4 Bd6 13.g4 Bxe5 14.fxe5 Nd7 15.Qg3 f6 
16.exf6 Rxf6 17.Nf3 Qc7 18.Qxc7 Nxc7 19.Bg5 Rg6 
20.h3 h6 21.Bf4 Ne8 22.Rae1 Rf6 23.Bg3 g5 24.Ne5 
Rxf1+ 25.Rxf1 Ndf6 26.Nc6 Ne4 27.Be5 a5 28.Kg2 b5 
29.Ne7+ 1-0

[Event "HCL-C4148"]
[Site "www.playchess.de"]
[Date "2006.03.25"]
[Round "1"]
[White "newplayer"]
[Black "Idris"]
[WhiteElo "1084"]
[BlackElo "844"]
[PlyCount "79"]
[Result "1-0"]

1.e4 d5 2.e5 e6 3.d4 Nc6 4.Bb5 Bd7 5.Bxc6 Bxc6 
6.Nf3 Be7 7.O-O Qd7 8.Bg5 Bxg5 9.Nxg5 Nh6 10.Nd2 
Bb5 11.Re1 O-O 12.b3 Nf5 13.Qh5 h6 14.Ngf3 g6 
15.Qg4 Qc6 16.a4 Ba6 17.Rac1 Qb6 18.h4 Nxd4 
19.Nxd4 Kh7 20.N2f3 c5 21.Ne2 Qd8 22.Rcd1 b5 
23.Nc3 b4 24.Ne2 c4 25.bxc4 Bxc4 26.Ned4 Qb6 27.h5 
g5 28.Nb5 Bxb5 29.Qxb4 a5 30.Qxb5 Qc7 31.Nd4 f5 
32.Nxe6 Qxc2 33.Nxf8+ Rxf8 34.e6 Qc8 35.Qxd5 Rd8 
36.Qxf5+ Kg8 37.Qg6+ Kh8 38.Qf6+ Kg8 39.Rxd8+ Qxd8 
40.Qxd8+ 1-0

[Event "HCL-B3924"]
[Site "www.playchess.de"]
[Date "2006.03.25"]
[Round "8"]
[White "a137"]
[Black "RUDI"]
[WhiteElo "731"]
[BlackElo "1291"]
[PlyCount "85"]
[Result "0-1"]

1.e4 {Hello,have interesting game}  e5 {yes, we 
will. Hi.}  2.Nf3 Nc6 3.Bb5 Bd6 4.Bxc6 dxc6 5.O-O 
Nf6 6.d4 exd4 7.Ng5 O-O 8.Qxd4 Ng4 9.g3 Ne5 10.Bf4 
c5 11.Qd5 Nc6 12.Bxd6 Qxd6 13.Nc3 Be6 14.Nxe6 fxe6 
15.Qh5 Qe7 16.Rad1 Rad8 17.Rxd8 Qxd8 18.Qxc5 Qd4 
19.Qxd4 Nxd4 20.Kg2 Nxc2 21.Rc1 Nd4 22.f4 a6 
23.Rd1 c5 24.b3 b5 25.Rd2 Re8 26.h4 g6 27.Kh3 b4 
28.Na4 Rc8 29.Nxc5 Rxc5 30.Rxd4 a5 31.Kg4 h6 32.h5 
g5 33.Rd8+ Kf7 34.Rd7+ Ke8 35.Rh7 Rc2 36.Rxh6 Rxa2 
37.Rxe6+ Kf7 38.h6 a4 39.Ra6 a3 40.Ra7+ Kg8 
41.Rg7+ Kh8 42.Rxg5 Rb2 43.Ra5 0-1

[Event "HCL-A2670"]
[Site "www.playchess.de"]
[Date "2006.03.25"]
[Round "10"]
[White "shadow_cup"]
[Black "victorabiodun03"]
[WhiteElo "1499"]
[BlackElo "1621"]
[PlyCount "52"]
[Result "0-1"]

1.e3 {have a good game}  e6 {you too}  2.b3 Nf6 
3.Bb2 d5 4.c4 c6 5.f4 Be7 6.Nf3 O-O 7.Nc3 Nbd7 
8.Qc2 b6 9.d4 Bb7 10.Bd3 c5 11.O-O-O cxd4 12.exd4 
Rc8 13.Ne5 dxc4 14.bxc4 h6 15.Rhg1 Ba6 16.g4 Nxe5 
17.dxe5 Nd7 18.Kb1 Qc7 19.g5 hxg5 20.Bh7+ Kh8 
21.Rd3 g6 22.Rh3 Kg7 23.Ne4 Qxc4 24.Qxc4 Rxc4 
25.Nxg5 Bxg5 26.Rxg5 Rxf4 0-1

[Event "HCL-A2629"]
[Site "www.playchess.de"]
[Date "2006.03.25"]
[Round "10"]
[White "Matu"]
[Black "IRONMAIDEN"]
[WhiteElo "1535"]
[BlackElo "1202"]
[PlyCount "63"]
[Result "1-0"]

1.e4 e5 2.Nf3 Nc6 3.Bc4 d6 4.Nc3 Nf6 5.Ng5 Be6 
6.Bxe6 fxe6 7.Nxe6 Qe7 8.Nxf8 Rxf8 9.d3 O-O-O 
10.O-O Kb8 11.Be3 d5 12.exd5 Nxd5 13.Nxd5 Qf7 
14.Nc3 Qg6 15.g3 Nd4 16.Bxd4 exd4 17.Ne4 Qc6 18.f4 
h6 19.Qd2 Rd7 20.Rae1 Re7 21.Rf2 Rf5 22.Rfe2 g5 
23.fxg5 hxg5 24.Nxg5 Rxe2 25.Qxe2 b6 26.Qe8+ Qxe8 
27.Rxe8+ Kb7 28.Ne4 Rf3 29.h4 Re3 30.Kf2 c5 
31.Nxc5+ Kc6 32.Rxe3 1-0